| 000 | 00527nam a2200169Ia 4500 | ||
|---|---|---|---|
| 003 | IN-BaIIA | ||
| 008 | 211028s9999 xx 000 0 eng d | ||
| 040 | _cIIA Library | ||
| 080 |
_a92:52 _bBOK |
||
| 100 | _aBok, Bart J | ||
| 245 | 0 |
_aHarlow Shapley, 1885-1972 _ba biographical memoir _cBart J Bok |
|
| 260 |
_aWashington _bNational Academy of Science of the United States _c1978 |
||
| 300 | _a241-291p. | ||
| 650 |
_aBiography _91224 |
||
| 650 | _aNASA Thesaurus | ||
| 942 | _cBK | ||
| 999 |
_c6475 _d6475 |
||